000 00248nam a2200097Ia 4500
008 220204s9999 xx 000 0 und d
082 _bFOR
100 _aForsyth, Richard
245 0 _aBasic idea: An introduction to computer programming
942 _cBK
999 _c35949
_d35949